| 000 | 01103nam a2200253Ia 4500 | ||
|---|---|---|---|
| 999 |
_c52997 _d52997 |
||
| 001 | 20028 | ||
| 003 | GE_BSU | ||
| 005 | 20250319173921.0 | ||
| 008 | 181216s2006||||ge |||||||||||||| ||geo|| | ||
| 040 | _cGE_BSU | ||
| 041 | _ageo | ||
| 080 | _a821.353.1(092) ნ-16 | ||
| 100 |
_aნადირაძე, გიორგი _92941 |
||
| 245 |
_aრუსთაველის ესთეტიკა / _c[რედ. : თარხუჯ ჯავახიშვილი]. |
||
| 250 | _aმე-2 გამოც. | ||
| 264 |
_aთბილისი _b[?], _c2006. |
||
| 300 |
_a361 გვ. ; _c 20 სმ. |
||
| 504 | _aბიბლიოგრ. : გვ. 351-361 | ||
| 541 | _h6ლ. | ||
| 653 | _aრუსთაველი, შოთა და მისი "ვეფხისტყაოსანი"; ქართული პოემის ისტორია და კრიტიკა | ||
| 653 | _aრუსთაველის ესთეტიკა | ||
| 700 |
_aჯავახიშვილი, თარხუჯ _eრედაქტორი _96766 |
||
| 942 |
_cBK _2udc |
||